00704 2200277 4500001002100000005001500021035002000036007000300056008004100059020002200100082000800122084001400130100002400144245005600168250002000224300002500244264003800269336002100307337003000328338002300358990000900381990000900390990000900399990000900408990000900417INLIS00000000000191120250515064701 a0010-0525000258ta250515 0  a978-979-788-469-7 a813 a813 PUT k0 aPutri K.ePengarang1 aKoleksi Terbaik Cerita Rakyat Nusantara /cPutri K. acetakan pertama a188 halaman ;c24 cm aJakarta :bPenebar Swadaya,c2019 2rdacontentateks 2rdamediaatanpa perantara 2rdacarrieravolume a5433 a5432 a5431 a5430 a5429